000 00267nam a22001217a 4500
999 _c533604
_d533604
040 _cdlc
082 _a915.043
100 _aGeroge Forster
_927558
245 _aA Journey from Bengal to England - Vol - 2
250 _aVol - 2
300 _a315p
942 _2ddc
_cBK